| 000 | 01210nam a22001937a 4500 | ||
|---|---|---|---|
| 999 |
_c82305 _d82305 |
||
| 005 | 20190110111010.0 | ||
| 010 | _a17-18HN-4.8.17 B-709982-710004 | ||
| 020 |
_c400.00 _a9789383468218 |
||
| 035 | _aB-709982-710004 | ||
| 037 |
_bसाहित्यसागर प्रकाशन _aP |
||
| 082 | _aउ | ||
| 100 | _aपाण्डेय, रमाकान्त 'अकेले ' | ||
| 245 |
_aएतिहासिक वीर गाथाएँ / _cरमाकान्त पाण्डेय 'अकेले ' |
||
| 260 |
_aजयपुर _bसाहित्यसागर प्रकाशन _c2017 |
||
| 270 |
_aधामाणी मार्केट की गली, चौड़ा रास्ता _bजयपुर _k0141- 4022382 _msahityagarjpr@yahoo.co.in |
||
| 300 |
_a239पृ. _c22सेमी(सजिल्द) |
||
| 942 |
_2ddc _cHN _mपाण्डेय _hउ |
||